| 000 | 00445nam a2200181Ia 4500 | ||
|---|---|---|---|
| 008 | 240925s9999 xx 000 0 und d | ||
| 020 | _a9781119349006 | ||
| 082 | _a658.4092 STE | ||
| 100 | _aStein, Steven J. | ||
| 245 | 4 | _aThe EQ leader | |
| 250 | _aNA | ||
| 260 |
_aNew Jersey: _bJohn wiley & Sons _c,2017. |
||
| 300 |
_a542p. _b0 _fOriginal |
||
| 500 | _aIncludes Index | ||
| 600 | _aManagement | ||
| 650 | _aManagement | ||
| 942 | _cBK | ||
| 999 |
_c14160 _d14160 |
||